<?xml version="1.0" encoding="UTF-8"?>
<marc:record xmlns:marc="http://www.loc.gov/MARC21/slim">
   <marc:leader>00000nam a2200000 a 4500</marc:leader>
   <marc:datafield ind1="1" ind2=" " tag="100">
      <marc:subfield code="a">Phillips, Susan Elisabeth</marc:subfield>
      <marc:subfield code="4">aut</marc:subfield>
      <marc:subfield code="e">Verfasser/-in</marc:subfield>
   </marc:datafield>
   <marc:datafield ind1="0" ind2="0" tag="245">
      <marc:subfield code="a">Frühstück im Bett</marc:subfield>
   </marc:datafield>
   <marc:datafield ind1="0" ind2="0" tag="245">
      <marc:subfield code="c">Susan Elisabeth Phillips</marc:subfield>
   </marc:datafield>
   <marc:datafield ind1=" " ind2="1" tag="264">
      <marc:subfield code="a">München</marc:subfield>
      <marc:subfield code="b">Blanvalet</marc:subfield>
      <marc:subfield code="c">2025</marc:subfield>
   </marc:datafield>
   <marc:datafield ind1="1" ind2=" " tag="520">
      <marc:subfield code="a">Nie wieder Liebe, nie wieder Ehe! Nach fünfzehn Jahren und drei Ehen hat Sugar Beth Carey ihre Lektion gelernt: Wenn sie sich verliebt, führt das letzten Endes immer nur zu Herzschmerz. Sugar Beth braucht keine Männer mehr fürs Leben, sondern Geld! Jetzt ist allerdings ausgerechnet der attraktive Schriftsteller Colin Byrne &#x96; den sie einst schmächlichst hat sitzenlassen &#x96; in das Haus gezogen, in dem ihr einziges wertvolles Erbstück versteckt ist. Zwischen ihnen entbrennt die alte Leidenschaft, und sie beginnen eine heiße Affäre. Aber warum, um Himmels willen, will dieser Mann sie gleich heiraten? (Verlagstext)</marc:subfield>
   </marc:datafield>
   <marc:datafield ind1=" " ind2=" " tag="020">
      <marc:subfield code="a">9783734114922</marc:subfield>
      <marc:subfield code="9">9783734114922</marc:subfield>
   </marc:datafield>
   <marc:datafield ind1=" " ind2=" " tag="020">
      <marc:subfield code="a">3734114926</marc:subfield>
      <marc:subfield code="9">3734114926</marc:subfield>
   </marc:datafield>
   <marc:datafield ind1=" " ind2=" " tag="300">
      <marc:subfield code="a">431 Seiten</marc:subfield>
   </marc:datafield>
</marc:record>
